000 00634nam a2200181 i 4500
001 100339
003 ES-MaACL
005 20230906182644.0
007 t|
008 050926s1945 sp ||||1| spa d
100 1 _aMas y Magro, Francisco.
_978653
245 1 0 _aAlergia celular /
_cpor Francisco Mas y Magro.
260 _aMadrid :
_b[s.n.],
_c1945 (
_fAfrodisio Aguado)
300 _a143 p., 1 h. pleg. :
_bil. ;
_c24 cm.
500 _aPrecede al tít.: Instituto de Citología Experimental y Hematología.
710 2 _aInstituto de Citología Experimental y Hematología (Madrid)
_94843
852 _aES-MaACL
_jE-1045
_bR.21618
999 _c100339
_d100339